Confucius lives next door : What living in the East teaches us about living in the West
Journalist T.R. Reid recounts his family's years in Japan, exploring how Confucian values shape social order, education, and community life in East Asia. The book contrasts Eastern communal ethics with Western individualism and considers what lessons modern societies can learn from Confucian tr...
Gardado en:
| Autor Principal: | |
|---|---|
| Formato: | Libro |
| Idioma: | Vietnamese |
| Publicado: |
New York
Vintage Books
1999
|
| Những chủ đề: | |
| Các nhãn: |
Engadir etiqueta
Sen Etiquetas, Sexa o primeiro en etiquetar este rexistro!
|
| Thư viện lưu trữ: | Thư viện Trường Đại học Nam Cần Thơ |
|---|
| LEADER | 01064nam a22002057a 4500 | ||
|---|---|---|---|
| 001 | NCT_4_026882 | ||
| 008 | 251004b xxu||||| |||| 00| 0 vie d | ||
| 999 | |c 9333 |d 9333 | ||
| 020 | |a 9780679777601 |c $16.95 | ||
| 082 | 0 | 4 | |2 23rd ed. |a 952.04 |b R353 |
| 100 | 1 | |a Reid, T.R. | |
| 245 | 1 | 0 | |a Confucius lives next door : |b What living in the East teaches us about living in the West |c T.R. Reid |
| 260 | |a New York |b Vintage Books |c 1999 | ||
| 300 | |a 276 p. |b ill. |c 21 cm | ||
| 504 | |a Includes index | ||
| 520 | 3 | |a Journalist T.R. Reid recounts his family's years in Japan, exploring how Confucian values shape social order, education, and community life in East Asia. The book contrasts Eastern communal ethics with Western individualism and considers what lessons modern societies can learn from Confucian traditions. | |
| 653 | |a Tham khảo | ||
| 942 | |2 ddc |c BK | ||
| 952 | |0 0 |1 0 |2 ddc |4 0 |6 952_040000000000000_R353 |7 0 |9 31467 |a 000001 |b 000001 |d 2025-10-09 |o 952.04 R353 |p TK.05728 |r 2025-10-09 |v 16.95 |w 2025-10-09 |y BK | ||
| 980 | |a Thư viện Trường Đại học Nam Cần Thơ | ||


